[Event "Gibtelecom Masters 2005"]
[Site "Gibraltar ENG"]
[Date "2005.01.29"]
[Round "5.31"]
[White "Duncanson, Henry G"]
[Black "Dworakowska, Joanna"]
[Result "0-1"]
[WhiteElo "2110"]
[BlackElo "2395"]
[PlyCount "81"]
[EventDate "2005.01.26"]
[EventType "swiss"]
[EventRounds "10"]
[EventCountry "ENG"]
[Source "lmi"]
[SourceDate "2005.02.03"]

1. e4 c5 2. Nf3 Nc6 3. d4 cxd4 4. Nxd4 Nf6 5. Nc3 d6 6. Bc4 e6 7. O-O Be7 8.
Bg5 O-O 9. Bb3 a6 10. Kh1 Na5 11. f4 Nd7 12. Bxe7 Qxe7 13. Qe2 b5 14. Rad1 Bb7
15. Nb1 g6 16. c3 e5 17. fxe5 dxe5 18. Nf3 Nxb3 19. axb3 Nc5 20. Nbd2 f6 21. b4
Ne6 22. Nb3 Rac8 23. Qe3 Ba8 24. Ra1 Rc6 25. Rfd1 Rfc8 26. Kg1 Rd6 27. Ne1 Rcd8
28. Rxd6 Qxd6 29. Qa7 Bxe4 30. Rxa6 Qd1 31. Qe3 Bd5 32. Nc5 Nf4 33. Kf2 Bxg2
34. Ne4 Bxe4 35. Qxe4 Qg4 36. Qe3 Qd1 37. Qe4 Rd2+ 38. Kf1 Re2 39. Qa8+ Kg7 40.
Ra7+ Kh6 41. Qf8+ 0-1

[Event "Gibtelecom Masters 2005"]
[Site "Gibraltar ENG"]
[Date "2005.01.29"]
[Round "5.32"]
[White "Rendle, Thomas"]
[Black "Patterson, Roger"]
[Result "1-0"]
[WhiteElo "2370"]
[BlackElo "2195"]
[PlyCount "81"]
[EventDate "2005.01.26"]
[EventType "swiss"]
[EventRounds "10"]
[EventCountry "ENG"]
[Source "lmi"]
[SourceDate "2005.02.03"]

1. f4 d5 2. Nf3 g6 3. g3 Bg7 4. Bg2 c5 5. d3 e6 6. e4 Ne7 7. O-O O-O 8. Nc3
Nbc6 9. g4 f5 10. gxf5 exf5 11. e5 a6 12. d4 c4 13. a4 h6 14. b3 cxb3 15. cxb3
Be6 16. Ba3 Rf7 17. Bc5 Kh8 18. h4 b6 19. Ba3 Bf8 20. Kf2 Ng8 21. Bxf8 Qxf8 22.
h5 gxh5 23. Nh4 Qd8 24. Qxh5 Rc8 25. Ne2 Qd7 26. Bh3 Nce7 27. Rac1 Rxc1 28.
Rxc1 Rg7 29. Ng3 Rf7 30. Qe2 Nc6 31. Qxa6 Nxd4 32. Qxb6 Nxb3 33. Qxb3 Qa7+ 34.
Kg2 Rb7 35. Qa3 Qd4 36. Rc2 Rb1 37. Rf2 Qd1 38. Nf3 Ra1 39. Qd6 h5 40. Qxe6 h4
41. Nf1 1-0

[Event "Gibtelecom Masters 2005"]
[Site "Gibraltar ENG"]
[Date "2005.01.29"]
[Round "5.33"]
[White "Welling, Gerard"]
[Black "Dunn, Andrew"]
[Result "1/2-1/2"]
[WhiteElo "2369"]
[BlackElo "2186"]
[PlyCount "113"]
[EventDate "2005.01.26"]
[EventType "swiss"]
[EventRounds "10"]
[EventCountry "ENG"]
[Source "lmi"]
[SourceDate "2005.02.03"]

1. e4 c6 2. d4 d5 3. e5 Bf5 4. Ne2 e6 5. Ng3 Bg6 6. h4 h6 7. h5 Bh7 8. Bd3 Bxd3
9. cxd3 Qb6 10. Be3 Nd7 11. Nd2 c5 12. dxc5 Bxc5 13. Bxc5 Nxc5 14. O-O Ne7 15.
Nf3 O-O 16. Qd2 Rac8 17. b3 Qb5 18. Rfd1 Nc6 19. Qe3 Nd7 20. Ne2 Qb6 21. Qxb6
Nxb6 22. a3 Nd7 23. d4 Na5 24. b4 Nc4 25. Nf4 Nb2 26. Rd2 Na4 27. g4 Rc3 28.
Kg2 Rfc8 29. g5 hxg5 30. Nxg5 Rc1 31. Rd1 Rxa1 32. Rxa1 Rc4 33. Nf3 Rc3 34. Rh1
Rxa3 35. h6 gxh6 36. Rxh6 Nc3 37. Ng5 Ne4 38. Nxe4 dxe4 39. d5 exd5 40. e6 fxe6
41. Rxe6 Nb6 42. Re7 Rb3 43. Rxb7 Rxb4 44. Nh5 Kf8 45. Nf6 Ra4 46. Kg3 Ra2 47.
f4 exf3 48. Kxf3 Ra1 49. Nd7+ Nxd7 50. Rxd7 Ra5 51. Ke3 Ke8 52. Rh7 Ra4 53. Kd3
a5 54. Rh5 d4 55. Rd5 Ke7 56. Rxd4 Rxd4+ 57. Kxd4 1/2-1/2

[Event "Gibtelecom Masters 2005"]
[Site "Gibraltar ENG"]
[Date "2005.01.29"]
[Round "5.34"]
[White "Kekki, Petri"]
[Black "Osuna Vega, Enrique"]
[Result "1-0"]
[WhiteElo "2362"]
[BlackElo "2173"]
[PlyCount "95"]
[EventDate "2005.01.26"]
[EventType "swiss"]
[EventRounds "10"]
[EventCountry "ENG"]
[Source "lmi"]
[SourceDate "2005.02.03"]

1. d4 d6 2. Nf3 Nd7 3. c4 e5 4. Nc3 Ngf6 5. g3 Be7 6. Bg2 O-O 7. O-O c6 8. Qc2
Qe8 9. b3 Bd8 10. Ba3 Be7 11. Rad1 a5 12. h3 exd4 13. Nxd4 g6 14. e4 Nc5 15.
Rfe1 Nfd7 16. f4 Nb8 17. Qd2 Nba6 18. Nc2 Qd8 19. Ne2 f5 20. exf5 Bxf5 21. Ned4
Bd7 22. Nf3 Bf5 23. Nfd4 Bd7 24. Bb2 Nb4 25. Nxb4 axb4 26. Ba1 Bf6 27. Re2 Qb6
28. Kh2 Rae8 29. Rde1 Rxe2 30. Rxe2 Re8 31. Rxe8+ Bxe8 32. Nc2 Bxa1 33. Nxa1
Ne6 34. Nc2 c5 35. Bd5 Bf7 36. Qe2 Nf8 37. Ne3 Qd8 38. Bxb7 Qe7 39. Bg2 Qf6 40.
Ng4 Qd4 41. f5 h5 42. Nh6+ Kg7 43. Nxf7 Kxf7 44. Bd5+ Kf6 45. Qe8 Qf2+ 46. Bg2
Kg7 47. Qe7+ Kg8 48. f6 1-0

[Event "Gibtelecom Masters 2005"]
[Site "Gibraltar ENG"]
[Date "2005.01.29"]
[Round "5.35"]
[White "Thorfinnsson, Bjorn"]
[Black "Mohamed, Mehdi Aithmido"]
[Result "1-0"]
[WhiteElo "2356"]
[BlackElo "2122"]
[PlyCount "147"]
[EventDate "2005.01.26"]
[EventType "swiss"]
[EventRounds "10"]
[EventCountry "ENG"]
[Source "lmi"]
[SourceDate "2005.02.03"]

1. d4 Nf6 2. Bg5 d5 3. e3 Bf5 4. c4 c6 5. Qb3 Qb6 6. Nd2 Nbd7 7. c5 Qxb3 8.
Nxb3 e5 9. Nf3 h6 10. Bh4 exd4 11. exd4 O-O-O 12. Nc1 Re8+ 13. Kd1 Ne4 14. Bg3
g5 15. Bd3 Bg7 16. Bxe4 dxe4 17. Nd2 Bxd4 18. Ncb3 Bxb2 19. Rb1 Be5 20. Nc4 Kc7
21. Nd6 Bxd6 22. Bxd6+ Kc8 23. Na5 Bg4+ 24. Kd2 b6 25. Nxc6 Nxc5 26. Nxa7+ Kd7
27. Bxc5 bxc5 28. Rb7+ Ke6 29. Rb6+ Kd5 30. a4 f5 31. h3 Bh5 32. Rc1 Re7 33.
Nb5 Rd7 34. Kc3 f4 35. Re1 Ke5 36. Rc6 Kd5 37. Rb6 Ke5 38. Kc2 Rhd8 39. Nc3
Rd2+ 40. Kc1 R2d4 41. a5 Rc4 42. Kc2 Be8 43. Kb3 Bf7 44. Kc2 Be8 45. Re2 Bh5
46. Rd2 Rxd2+ 47. Kxd2 Rd4+ 48. Kc2 e3 49. fxe3 fxe3 50. g4 Bf7 51. a6 Rd2+ 52.
Kc1 Rd8 53. a7 Ra8 54. Rb7 Bd5 55. Re7+ Kd6 56. Rh7 Ke5 57. Na4 c4 58. Nc3 Bc6
59. Rxh6 Bf3 60. Rh7 e2 61. Re7+ Kd4 62. Kd2 Kc5 63. Nxe2 Bxe2 64. Kxe2 Kd4 65.
Kd2 c3+ 66. Kc2 Kc4 67. Re4+ Kb5 68. Re7 Kc4 69. Rb7 Rf8 70. Rc7+ Kb4 71. Rxc3
Kb5 72. Rb3+ Ka6 73. a8=Q+ Rxa8 74. Ra3+ 1-0

[Event "Gibtelecom Masters 2005"]
[Site "Gibraltar ENG"]
[Date "2005.01.29"]
[Round "5.37"]
[White "Vinas Guerrero, Carlos A"]
[Black "Johannesson, Ingvar Thor"]
[Result "1-0"]
[WhiteElo "2096"]
[BlackElo "2315"]
[PlyCount "117"]
[EventDate "2005.01.26"]
[EventType "swiss"]
[EventRounds "10"]
[EventCountry "ENG"]
[Source "lmi"]
[SourceDate "2005.02.03"]

1. e4 e6 2. d4 d5 3. Nc3 Bb4 4. Nge2 Nc6 5. a3 Ba5 6. Be3 Nge7 7. e5 Nf5 8. Ng3
Nxe3 9. fxe3 Qg5 10. Qf3 f6 11. h4 Qh6 12. exf6 Qxf6 13. Qxf6 gxf6 14. Nh5 Ke7
15. Nf4 Bd7 16. Be2 Raf8 17. g4 Rhg8 18. O-O-O Nd8 19. Rdg1 c6 20. g5 Bc7 21.
Bd3 f5 22. Nh5 e5 23. Nf6 Rg7 24. Rf1 e4 25. Be2 Ne6 26. Nd1 f4 27. Bg4 f3 28.
c4 Rxf6 29. gxf6+ Kxf6 30. Bxf3 exf3 31. Rxf3+ Ke7 32. cxd5 cxd5 33. Nc3 Kd6
34. Rf5 Bc6 35. Rhf1 Bd8 36. Rh5 Rg4 37. Rh1 Rg7 38. b4 b5 39. Rf1 Rg4 40. Rh1
Rg7 41. Rf1 a5 42. Rh1 Rf7 43. Rg1 a4 44. Kd1 Nc7 45. Rg8 Bf6 46. Rf5 Bd7 47.
Rf4 h5 48. Rg6 Bg4+ 49. Kd2 Ke7 50. Rh6 Rf8 51. Rh7+ Rf7 52. Rh6 Ke6 53. Rf1
Ke7 54. Rf4 Ke6 55. Rf1 Ne8 56. Nxb5 Ng7 57. Nc7+ Ke7 58. Nxd5+ Ke6 59. Rhxf6+
1-0

[Event "Gibtelecom Masters 2005"]
[Site "Gibraltar ENG"]
[Date "2005.01.29"]
[Round "5.38"]
[White "Calzetta Ruiz, Monica"]
[Black "White, Kevin"]
[Result "1-0"]
[WhiteElo "2281"]
[BlackElo "2035"]
[PlyCount "97"]
[EventDate "2005.01.26"]
[EventType "swiss"]
[EventRounds "10"]
[EventCountry "ENG"]
[Source "lmi"]
[SourceDate "2005.02.03"]

1. e4 d5 2. exd5 Qxd5 3. Nc3 Qa5 4. d4 Nf6 5. Bd2 c6 6. Bd3 Bg4 7. f3 Bh5 8.
Nge2 e6 9. Nf4 Bg6 10. Nxg6 hxg6 11. Qe2 Qc7 12. O-O-O Bd6 13. g3 Nbd7 14. Ne4
Nxe4 15. fxe4 e5 16. d5 c5 17. Rhf1 Rf8 18. Rf2 a6 19. Rdf1 b5 20. c4 Nb6 21.
Ba5 b4 22. Bc2 Rb8 23. Ba4+ Kd8 24. Qg4 Qe7 25. Qh3 Kc7 26. Qh7 f5 27. Qxg6 Rf6
28. Qg5 f4 29. gxf4 exf4 30. Rg1 f3 31. Qxg7 Rf7 32. Qg6 Rf6 33. Qg7 Rf7 34.
Qg6 Rf6 35. Qg4 Bf4+ 36. Kb1 Rbf8 37. Rxf3 Qxe4+ 38. Bc2 Qxc4 39. Re1 Qb5 40.
Qg7+ Kb8 41. Bxb6 Qxb6 42. Re7 c4 43. Be4 b3 44. d6 bxa2+ 45. Ka1 Qxd6 46. Rd7
Bh6 47. Rxf6 Rxf6 48. Qg8+ Qf8 49. Rd8+ 1-0

[Event "Gibtelecom Masters 2005"]
[Site "Gibraltar ENG"]
[Date "2005.01.29"]
[Round "5.40"]
[White "Coimbra, Margarida"]
[Black "Van Eijk, Sander"]
[Result "1/2-1/2"]
[WhiteElo "2081"]
[BlackElo "2216"]
[PlyCount "124"]
[EventDate "2005.01.26"]
[EventType "swiss"]
[EventRounds "10"]
[EventCountry "ENG"]
[Source "lmi"]
[SourceDate "2005.02.03"]

1. e4 c5 2. Nc3 Nc6 3. g3 g6 4. Bg2 Bg7 5. d3 d6 6. Be3 e5 7. Qd2 Nge7 8. Bh6
O-O 9. h4 Bxh6 10. Qxh6 f6 11. Nge2 b5 12. Qd2 b4 13. Nd1 Rb8 14. a3 a5 15.
axb4 axb4 16. Ne3 Nd4 17. O-O Qb6 18. Nc4 Qc7 19. f4 Be6 20. fxe5 dxe5 21. Ne3
Kg7 22. Ra6 Bc8 23. Raa1 Be6 24. Ra6 Rb6 25. Rfa1 Rxa6 26. Rxa6 Bc8 27. Ra1 Be6
28. Ra6 Qc8 29. Ra7 Rf7 30. Nxd4 exd4 31. Nf1 Nc6 32. Rxf7+ Bxf7 33. Qf4 Ne5
34. Nh2 h6 35. Nf3 Qe6 36. Nxe5 Qxe5 37. Qxe5 fxe5 38. b3 c4 39. bxc4 Bxc4 40.
Bf1 Ba2 41. Be2 Kf6 42. Kf2 Ke7 43. Ke1 Kd6 44. Kd2 Kc5 45. Kc1 b3 46. cxb3
Bxb3 47. Kd2 Be6 48. Kc2 h5 49. Kd2 Kb4 50. Kc2 Ka3 51. Kd2 Bg4 52. Bf1 Kb4 53.
Bg2 Kc5 54. Kc2 Kd6 55. Kd2 Ke6 56. Bf1 Kf6 57. Kc2 g5 58. Kb3 Bd1+ 59. Kc4 g4
60. Kd5 Bf3 61. Kd6 Bd1 62. Kd5 Bf3 1/2-1/2

[Event "Gibtelecom Masters 2005"]
[Site "Gibraltar ENG"]
[Date "2005.01.29"]
[Round "5.41"]
[White "Heyl, Thomas"]
[Black "Van den Bersselaar, Jeroen"]
[Result "1/2-1/2"]
[WhiteElo "2070"]
[BlackElo "2211"]
[PlyCount "66"]
[EventDate "2005.01.26"]
[EventType "swiss"]
[EventRounds "10"]
[EventCountry "ENG"]
[Source "lmi"]
[SourceDate "2005.02.03"]

1. d4 d5 2. Nf3 Nf6 3. e3 c5 4. c3 Qc7 5. Bd3 Bg4 6. Nbd2 e6 7. Qa4+ Nbd7 8.
Ne5 Bh5 9. Bb5 a6 10. Nxd7 Nxd7 11. Bxd7+ Qxd7 12. Qxd7+ Kxd7 13. dxc5 Bxc5 14.
e4 dxe4 15. Nxe4 Be7 16. Be3 Rac8 17. f3 Rc6 18. Rd1+ Kc8 19. O-O e5 20. Rd5 f6
21. Rfd1 Bf7 22. Rd7 Re8 23. a3 Bb3 24. R1d2 f5 25. Bg5 Bxg5 26. Nxg5 h6 27.
Nh3 g5 28. Kf2 Rce6 29. Rf7 e4 30. fxe4 fxe4 31. Ke3 Ba4 32. Nf2 Bc6 33. Rf5
Rd8 1/2-1/2

[Event "Gibtelecom Masters 2005"]
[Site "Gibraltar ENG"]
[Date "2005.01.29"]
[Round "5.42"]
[White "Walton, Alan J"]
[Black "Vea, Odin Blikra"]
[Result "1/2-1/2"]
[WhiteElo "2181"]
[BlackElo "2077"]
[PlyCount "89"]
[EventDate "2005.01.26"]
[EventType "swiss"]
[EventRounds "10"]
[EventCountry "ENG"]
[Source "lmi"]
[SourceDate "2005.02.03"]

1. d4 e6 2. c4 d5 3. Nf3 Nf6 4. Nc3 c6 5. cxd5 exd5 6. Bg5 Be7 7. e3 O-O 8. Bd3
Ne4 9. Bxe4 Bxg5 10. Nxg5 Qxg5 11. Bf3 Nd7 12. b4 Nb6 13. O-O Bf5 14. b5 Rfe8
15. bxc6 bxc6 16. g3 Nc4 17. h4 Qf6 18. Bg2 Rab8 19. Qa4 Bd3 20. Rfc1 Rb2 21.
Nd1 Rbb8 22. Rc3 Be2 23. Rb3 Rxb3 24. Qxb3 Nd2 25. Qc2 Nf3+ 26. Kh1 Bc4 27. Nb2
Nxd4 28. Qc3 Ne6 29. Qxf6 gxf6 30. Nxc4 dxc4 31. Rc1 Rb8 32. Rxc4 Rb1+ 33. Kh2
Rb2 34. a4 c5 35. f4 Rb4 36. Bf1 Rxc4 37. Bxc4 Kf8 38. Kg2 Ke7 39. Kf3 f5 40.
g4 fxg4+ 41. Kxg4 Ng7 42. Kg5 f6+ 43. Kg4 h6 44. e4 Kd6 45. a5 1/2-1/2

[Event "Gibtelecom Masters 2005"]
[Site "Gibraltar ENG"]
[Date "2005.01.29"]
[Round "5.44"]
[White "Agdestein, Emil"]
[Black "Mitchell, Martin"]
[Result "0-1"]
[WhiteElo "2045"]
[BlackElo "2147"]
[PlyCount "82"]
[EventDate "2005.01.26"]
[EventType "swiss"]
[EventRounds "10"]
[EventCountry "ENG"]
[Source "lmi"]
[SourceDate "2005.02.03"]

1. e4 c5 2. Nc3 Nc6 3. f4 g6 4. Nf3 Bg7 5. Bc4 e6 6. f5 Nge7 7. fxe6 fxe6 8. d3
d5 9. Bb3 O-O 10. O-O a6 11. a4 Rb8 12. Bg5 Qd6 13. Qe1 c4 14. Ba2 b5 15. axb5
axb5 16. Qh4 h5 17. Ne2 Ra8 18. Bxe7 Qxe7 19. Qxe7 Nxe7 20. Ned4 Bd7 21. exd5
Bxd4+ 22. Nxd4 Rxf1+ 23. Kxf1 Nxd5 24. c3 cxd3 25. Nb3 Ne3+ 26. Kf2 Nc2 27. Rd1
Rxa2 28. Nc5 Bc6 29. Rxd3 Bd5 30. Rd2 Na1 31. Ke3 Nb3 32. Rxd5 exd5 33. Nxb3
Rxb2 34. Nd4 Rxg2 35. Nxb5 Rxh2 36. Nc7 Kf7 37. Nxd5 Ke6 38. Nf4+ Kf5 39. Ne2
Rxe2+ 40. Kxe2 Ke4 41. Kf2 Kd3 0-1

[Event "Gibtelecom Masters 2005"]
[Site "Gibraltar ENG"]
[Date "2005.01.29"]
[Round "5.45"]
[White "Bryn, Askild"]
[Black "Arsenault, Nicolas"]
[Result "0-1"]
[WhiteElo "2009"]
[BlackElo "2138"]
[PlyCount "52"]
[EventDate "2005.01.26"]
[EventType "swiss"]
[EventRounds "10"]
[EventCountry "ENG"]
[Source "lmi"]
[SourceDate "2005.02.03"]

1. e4 e6 2. d4 d5 3. e5 c5 4. c3 Nc6 5. Nf3 Bd7 6. a3 f6 7. exf6 Nxf6 8. b4
cxd4 9. cxd4 a6 10. Bd3 Bd6 11. Nbd2 O-O 12. Nb3 e5 13. dxe5 Nxe5 14. Nxe5 Bxe5
15. Ra2 Bc3+ 16. Bd2 Re8+ 17. Kf1 Ne4 18. Bxe4 Bb5+ 19. Kg1 dxe4 20. Qe1 Bf6
21. Nc1 Rc8 22. a4 Bd3 23. h3 Qd5 24. Nxd3 Qxa2 25. Nc5 Qd5 26. g4 a5 0-1

[Event "Gibtelecom Masters 2005"]
[Site "Gibraltar ENG"]
[Date "2005.01.29"]
[Round "5.48"]
[White "Diaz Montenegro, Ignacio"]
[Black "Matto, Manuel"]
[Result "1/2-1/2"]
[WhiteElo "2090"]
[BlackElo "2082"]
[PlyCount "139"]
[EventDate "2005.01.26"]
[EventType "swiss"]
[EventRounds "10"]
[EventCountry "ENG"]
[Source "lmi"]
[SourceDate "2005.02.03"]

1. c4 f5 2. g3 Nf6 3. Bg2 e6 4. Nc3 Be7 5. d4 O-O 6. e3 c6 7. Nge2 d5 8. b3 Bb4
9. O-O Nbd7 10. Bb2 Ne4 11. a3 Nxc3 12. Nxc3 Be7 13. Rc1 Nf6 14. c5 Qe8 15. b4
Qg6 16. Ne2 Qh6 17. Nf4 g5 18. Nd3 Ng4 19. h3 Nf6 20. Ne5 g4 21. hxg4 Ne4 22.
Bxe4 fxe4 23. Kg2 Qg7 24. Rh1 Bf6 25. Rh5 Bxe5 26. Rxe5 Bd7 27. Qh1 Rf3 28. Qh5
h6 29. g5 Raf8 30. Rf1 Kh7 31. Qxh6+ Qxh6 32. gxh6 R8f6 33. Rh5 Be8 34. Rh4 Bg6
35. g4 Rf8 36. Bc3 a6 37. a4 Rg8 38. Rg1 Rgf8 39. Be1 R8f7 40. Rgh1 Rf8 41.
R1h3 R8f7 42. Rxf3 Rxf3 43. Bd2 Rf6 44. g5 Rf5 45. Rg4 Bh5 46. Rg3 Kg6 47. Be1
Kh7 48. Kh3 Be8 49. Rg4 Bg6 50. f4 exf3 51. Bf2 Bh5 52. Rg3 Bg6 53. Kh4 Rf8 54.
Rg4 Rf7 55. Kg3 Rf5 56. Kh4 Rf7 57. Kg3 Rf5 58. Kh2 Bh5 59. Rg1 Bg6 60. Kh3 Rf7
61. Rc1 Bd3 62. Rc3 Bf1+ 63. Kh4 Kg6 64. Rc1 Bg2 65. Re1 Rf5 66. e4 Rxg5 67.
exd5 Rh5+ 68. Kg3 Rg5+ 69. Kf4 Rf5+ 70. Kg4 1/2-1/2

[Event "Gibtelecom Masters 2005"]
[Site "Gibraltar ENG"]
[Date "2005.01.29"]
[Round "5.50"]
[White "Villena Perez, Jorge"]
[Black "De Andres Gonalons, Fernando"]
[Result "0-1"]
[WhiteElo "1916"]
[BlackElo "2115"]
[PlyCount "38"]
[EventDate "2005.01.26"]
[EventType "swiss"]
[EventRounds "10"]
[EventCountry "ENG"]
[Source "lmi"]
[SourceDate "2005.02.03"]

1. d4 d5 2. Nf3 c5 3. dxc5 e6 4. Bf4 Bxc5 5. e3 Nc6 6. Nbd2 Nf6 7. Nb3 Bd6 8.
Bxd6 Qxd6 9. Be2 a6 10. O-O O-O 11. c4 e5 12. c5 Qe7 13. Rc1 Rd8 14. a3 Ne4 15.
Nfd2 Nxd2 16. Nxd2 d4 17. exd4 Nxd4 18. Qe1 Qg5 19. Nf3 Qxc1 0-1

[Event "Gibtelecom Masters 2005"]
[Site "Gibraltar ENG"]
[Date "2005.01.30"]
[Round "6.2"]
[White "Dreev, Alexey"]
[Black "Avrukh, Boris"]
[Result "1/2-1/2"]
[WhiteElo "2704"]
[BlackElo "2629"]
[PlyCount "21"]
[EventDate "2005.01.26"]
[EventType "swiss"]
[EventRounds "10"]
[EventCountry "ENG"]
[Source "lmi"]
[SourceDate "2005.02.03"]

1. d4 Nf6 2. c4 g6 3. Nc3 d5 4. Bg5 Ne4 5. Bh4 Nxc3 6. bxc3 dxc4 7. e3 Be6 8.
Qb1 Qd5 9. Ne2 Bc8 10. a4 Bh6 11. Bg3 1/2-1/2

[Event "Gibtelecom Masters 2005"]
[Site "Gibraltar ENG"]
[Date "2005.01.30"]
[Round "6.3"]
[White "Nakamura, Hikaru"]
[Black "Aronian, Levon"]
[Result "1/2-1/2"]
[WhiteElo "2613"]
[BlackElo "2684"]
[PlyCount "70"]
[EventDate "2005.01.26"]
[EventType "swiss"]
[EventRounds "10"]
[EventCountry "ENG"]
[Source "lmi"]
[SourceDate "2005.02.03"]

1. e4 e5 2. Nf3 Nc6 3. Bb5 a6 4. Ba4 Nf6 5. O-O Be7 6. Re1 b5 7. Bb3 O-O 8. c3
d5 9. exd5 Nxd5 10. Nxe5 Nxe5 11. Rxe5 c6 12. d3 Bd6 13. Re1 Bf5 14. Qf3 Qh4
15. g3 Qh3 16. Nd2 Rae8 17. Ne4 Bg4 18. Qg2 Qxg2+ 19. Kxg2 f5 20. h3 Bh5 21.
Bf4 Bxf4 22. gxf4 fxe4 23. dxe4 Bf3+ 24. Kxf3 Rxf4+ 25. Kg3 Rfxe4 26. Rxe4 Rxe4
27. f3 Re2 28. c4 bxc4 29. Bxc4 Rxb2 30. Bxa6 g5 31. a4 Kg7 32. a5 Nf4 33. Bf1
Kg6 34. h4 Kf5 35. a6 Ke5 1/2-1/2

[Event "Gibtelecom Masters 2005"]
[Site "Gibraltar ENG"]
[Date "2005.01.30"]
[Round "6.4"]
[White "Sutovsky, Emil"]
[Black "Efimenko, Zahar"]
[Result "1/2-1/2"]
[WhiteElo "2669"]
[BlackElo "2601"]
[PlyCount "41"]
[EventDate "2005.01.26"]
[EventType "swiss"]
[EventRounds "10"]
[EventCountry "ENG"]
[Source "lmi"]
[SourceDate "2005.02.03"]

1. e4 e6 2. d4 d5 3. Nc3 Nf6 4. Bg5 dxe4 5. Nxe4 Nbd7 6. Nf3 h6 7. Nxf6+ Nxf6
8. Bh4 c5 9. c3 cxd4 10. Nxd4 Be7 11. Bd3 O-O 12. Qe2 Qd5 13. O-O-O Qxa2 14.
Bb1 Qa5 15. Nf3 e5 16. Qxe5 Qxe5 17. Nxe5 Be6 18. Nd7 Bxd7 19. Bxf6 Bxf6 20.
Rxd7 b5 21. Be4 1/2-1/2

[Event "Gibtelecom Masters 2005"]
[Site "Gibraltar ENG"]
[Date "2005.01.30"]
[Round "6.6"]
[White "Cramling, Pia"]
[Black "Rogers, Ian"]
[Result "1/2-1/2"]
[WhiteElo "2481"]
[BlackElo "2594"]
[PlyCount "245"]
[EventDate "2005.01.26"]
[EventType "swiss"]
[EventRounds "10"]
[EventCountry "ENG"]
[Source "lmi"]
[SourceDate "2005.02.03"]

1. d4 g6 2. g3 Bg7 3. Bg2 c5 4. c3 Qb6 5. dxc5 Qxc5 6. e4 d6 7. Be3 Qc7 8. a4
Nc6 9. Na3 Bd7 10. Ne2 Nf6 11. h3 Qc8 12. Nf4 O-O 13. O-O Ne5 14. Rc1 g5 15.
Nd5 Nxd5 16. exd5 Bxh3 17. Bxg5 Bxg2 18. Kxg2 Qf5 19. Bxe7 Rfe8 20. Bh4 a6 21.
Rc2 Qe4+ 22. f3 Qxa4 23. Re2 Qd7 24. Rfe1 b5 25. g4 f5 26. gxf5 Qxf5 27. Re4
Rf8 28. Bg3 Nxf3 29. R1e3 Nd2 30. Qxd2 Qf1+ 31. Kh2 Rf5 32. Qe2 Qxe2+ 33. Rxe2
Rxd5 34. Nc2 a5 35. Rg4 Ra7 36. Nd4 h5 37. Rg6 b4 38. Ne6 bxc3 39. bxc3 Kh7 40.
Rxg7+ Rxg7 41. Nxg7 Kxg7 42. Re4 Rd3 43. Bf2 Kg6 44. Bd4 Rd2+ 45. Kg3 a4 46.
Kf4 Kf7 47. Bh8 a3 48. Ra4 a2 49. Bd4 Ke6 50. Ra5 h4 51. Kg4 Rh2 52. Bh8 Kd7
53. Bf6 Ke6 54. Bd4 Kd7 55. Ra6 Ke6 56. Ra5 Kd7 57. c4 Re2 58. Bf6 Re4+ 59. Kh3
Rxc4 60. Rxa2 Ke6 61. Bxh4 Rd4 62. Bg3 Kd5 63. Kg2 Rd3 64. Ra4 Ke6 65. Kf2 Kd5
66. Bf4 Rd4 67. Ra5+ Ke4 68. Bh6 Rc4 69. Ke2 Rc2+ 70. Kd1 Rg2 71. Ra4+ Kd3 72.
Ra3+ Kc4 73. Be3 d5 74. Ke1 d4 75. Ra4+ Kd3 76. Bf2 Rg4 77. Kd1 Rf4 78. Ra3+
Ke4 79. Ke1 d3 80. Ba7 Rf8 81. Ra4+ Ke5 82. Bd4+ Kd5 83. Kd2 Rf1 84. Be3 Rh1
85. Kxd3 Rd1+ 86. Ke2 Rh1 87. Kd3 Rd1+ 88. Bd2 Ke5 89. Ra5+ Ke6 90. Ke2 Rh1 91.
Kf3 Rd1 92. Be3 Rf1+ 93. Ke4 Re1 94. Ra6+ Kd7 95. Kd4 Rd1+ 96. Kc5 Rd3 97. Bd4
Rd2 98. Kd5 Rd1 99. Ra7+ Kd8 100. Ke5 Kc8 101. Rh7 Rd2 102. Bc5 Rd7 103. Rh4
Kb7 104. Bd6 Rg7 105. Kd5 Rg5+ 106. Be5 Kb6 107. Rb4+ Ka5 108. Rb1 Rh5 109. Kd4
Ka6 110. Bd6 Rb5 111. Ra1+ Ra5 112. Rh1 Kb7 113. Bc5 Ra2 114. Bb4 Rg2 115. Rh7+
Kc6 116. Rh6+ Kd7 117. Bc3 Rg1 118. Kd5 Rd1+ 119. Bd4 Rd2 120. Rh7+ Kd8 121.
Ke5 Kc8 122. Bc5 Rd7 123. Ke4 1/2-1/2

[Event "Gibtelecom Masters 2005"]
[Site "Gibraltar ENG"]
[Date "2005.01.30"]
[Round "6.7"]
[White "Spraggett, Kevin"]
[Black "McNab, Colin A"]
[Result "1/2-1/2"]
[WhiteElo "2589"]
[BlackElo "2440"]
[PlyCount "62"]
[EventDate "2005.01.26"]
[EventType "swiss"]
[EventRounds "10"]
[EventCountry "ENG"]
[Source "lmi"]
[SourceDate "2005.02.03"]

1. e4 c5 2. Nf3 e6 3. d4 cxd4 4. Nxd4 a6 5. c4 Nf6 6. Nc3 Qc7 7. a3 b6 8. Be3
Bb7 9. f3 Be7 10. Rc1 O-O 11. Be2 d6 12. O-O Nbd7 13. Kh1 Rac8 14. b4 Qb8 15.
Qd2 Bd8 16. Rc2 Kh8 17. Rb1 Bc7 18. Bg1 Qa8 19. Na4 Rg8 20. c5 dxc5 21. bxc5
bxc5 22. Nxc5 Nxc5 23. Rxc5 Rgd8 24. Qb2 Bd6 25. Rxc8 Bxc8 26. Qb6 Rd7 27. Nc6
Bc7 28. Qc5 Bd6 29. Qb6 Bc7 30. Qc5 Bd6 31. Qb6 Bc7 1/2-1/2

[Event "Gibtelecom Masters 2005"]
[Site "Gibraltar ENG"]
[Date "2005.01.30"]
[Round "6.8"]
[White "Kotronias, Vasilios"]
[Black "Thorfinnsson, Bragi"]
[Result "1-0"]
[WhiteElo "2585"]
[BlackElo "2435"]
[PlyCount "73"]
[EventDate "2005.01.26"]
[EventType "swiss"]
[EventRounds "10"]
[EventCountry "ENG"]
[Source "lmi"]
[SourceDate "2005.02.03"]

1. e4 c5 2. Nf3 Nc6 3. d4 cxd4 4. Nxd4 Nf6 5. Nc3 e6 6. Nxc6 bxc6 7. e5 Nd5 8.
Ne4 Qa5+ 9. c3 f5 10. exf6 Nxf6 11. Nd6+ Bxd6 12. Qxd6 Qd5 13. Bf4 Ne4 14. Qxd5
exd5 15. f3 Nf6 16. Kd2 O-O 17. Bd3 Bb7 18. Bd6 Rf7 19. Rhe1 Ne8 20. Bg3 g6 21.
a4 Ng7 22. b4 a6 23. c4 dxc4 24. Bxc4 d5 25. Bd3 Rd7 26. Rac1 Kf7 27. Be5 Ne8
28. Ke3 a5 29. b5 cxb5 30. Bxb5 Re7 31. Kd4 Ba6 32. Bg3 Bxb5 33. Rxe7+ Kxe7 34.
axb5 Ra7 35. b6 Rb7 36. Kc5 Kd7 37. Kb5 1-0

[Event "Gibtelecom Masters 2005"]
[Site "Gibraltar ENG"]
[Date "2005.01.30"]
[Round "6.9"]
[White "Postny, Evgeny"]
[Black "Al Tamimi, Hamad"]
[Result "1/2-1/2"]
[WhiteElo "2557"]
[BlackElo "2210"]
[PlyCount "86"]
[EventDate "2005.01.26"]
[EventType "swiss"]
[EventRounds "10"]
[EventCountry "ENG"]
[Source "lmi"]
[SourceDate "2005.02.03"]

1. e4 c6 2. d4 d5 3. exd5 cxd5 4. c4 Nf6 5. Nc3 e6 6. c5 Nc6 7. Nf3 Be7 8. Qc2
O-O 9. Bb5 Qc7 10. O-O e5 11. Bxc6 bxc6 12. Nxe5 Bxc5 13. Nxd5 cxd5 14. Qxc5
Qb7 15. b3 Be6 16. Ba3 Rfc8 17. Qb4 Qa6 18. Rfc1 Rxc1+ 19. Bxc1 Ne4 20. Be3 Rc8
21. Qe1 f6 22. Nf3 Rc2 23. a4 Qd3 24. b4 Re2 25. Qc1 Rc2 26. Qf1 Qxf1+ 27. Kxf1
Rc4 28. Rb1 Nc3 29. Ra1 Ne4 30. b5 Nc3 31. Rc1 Nxa4 32. Rxc4 dxc4 33. d5 Bd7
34. Bxa7 Bxb5 35. Ke1 Nc3 36. d6 Bd7 37. Bc5 Nb5 38. Nd2 c3 39. Ne4 Kf7 40. Bb4
Ke6 41. f3 Bc6 42. Nxc3 Nxc3 43. Bxc3 Kxd6 1/2-1/2